MARC

LEADER 00000nam2a2200000 4500
001 670063
005 20240301095355.0
090 |a 670063 
100 |a 20231214d1955 k||y0rusy50 ca 
101 0 |a rus 
102 |a RU 
105 |a y z 001yy 
181 0 |a i   |b  e  
182 0 |a n 
183 0 |a nc  |2 RDAcarrier 
200 0 |a Ч. 1  |f сост. Н. А. Мальцева [и др.] 
203 |a Текст  |b визуальный  |c непосредственный 
210 |d 1955 
215 |a XXIV, 777 с. 
283 |a volume  |2 RDAcarrier 
320 |a Указатели: с. 696-743 
461 1 |0 670840  |9 670840  |a Иванов, Л. М.  |c Москва  |d 1955  |n Изд-во Академии наук СССР  |t Всероссийская политическая стачка в октябре 1905 года  |v Ч. 1 
606 |a Первая русская революция 1905-1907  |9 82038 
610 1 |a Революция 1905-1907 
610 1 |a Россия 
610 1 |a история 
610 1 |a 20 век 
610 1 |a документы 
610 1 |a стачки 
610 1 |a митинги 
610 1 |a листовки 
686 |2 rubbk  |a Т3(2)532 
702 1 |4 220  |a Мальцева  |b Н. А. 
702 1 |4 220  |a Вельбель  |b В. И. 
702 1 |4 220  |a Пишванова  |b Н. И. 
702 1 |4 220  |a Шепелев  |b Л. Е. 
801 0 |a RU  |b 63413507  |c 20231214 
942 |c BK